Kolory po Hiszpańsku - Statystyki

Ogólne statystyki
  • Ten quiz został rozwiązany 20 razy
  • Średni wynik to 7 z 12
Statystyki odpowiedzi
Kolor Po Hiszpańsku % Poprawnych
Niebieski Azul
93%
Czerwony Rojo
87%
Biały Blanco
80%
Zielony Verde
80%
Czarny Negro
73%
Pomarańczowy Naranja
67%
Żółty Amarillo
60%
Brązowy Marron
60%
Różowy Rosa
60%
Szary Gris
47%
Fioletowy Morado
20%
Purpurowy Purpura
20%
Nie znaleziono quizów pasujących do podanych kryteriów
Rozkład punktacji
Procent ludzi z każdym wynikiem
Percentyl według liczby udzielonych odpowiedzi
Twoja historia wyników
Nie rozwiązałeś tego quizu